| Tag |
First Indicator |
Second Indicator |
Subfields |
| LEADER |
00000cam a2200000 i 4500 |
| 001 |
in00005779599 |
| 005 |
20260426010838.0 |
| 007 |
t| |
| 008 |
260401t20262026enkab b 001 0 eng |
| 010 |
|
|
|a 2026004409
|
| 040 |
|
|
|a DLC
|b eng
|e rda
|c DLC
|d UKMGB
|d YDX
|d OCLCO
|d YDX
|
| 019 |
|
|
|a 1529575225
|
| 020 |
|
|
|a 9781009493970
|
| 020 |
|
|
|a 1009493973
|q hardcover
|
| 020 |
|
|
|a 9781009494007
|q paperback
|
| 020 |
|
|
|a 1009494007
|q paperback
|
| 020 |
|
|
|z 9781009493987
|q electronic book
|
| 024 |
8 |
|
|a CIPO000320420
|
| 035 |
|
|
|a (OCoLC)1529575286
|z (OCoLC)1529575225
|
| 042 |
|
|
|a pcc
|
| 043 |
|
|
|a e-ie---
|
| 050 |
0 |
0 |
|a DA910
|b .C43 2026
|
| 082 |
0 |
4 |
|a 941.5
|2 23
|
| 100 |
1 |
|
|a Clear, Caitríona,
|d 1960-
|e author.
|4 aut
|4 http://id.loc.gov/vocabulary/relators/aut
|1 https://id.oclc.org/worldcat/entity/E39PCjGRRGKDW4f3JhXTr6P3V3
|1 http://id.loc.gov/rwo/agents/n87939128
|
| 245 |
1 |
2 |
|a A concise history of Ireland /
|c Caitriona Clear.
|
| 264 |
|
1 |
|a Cambridge, United Kingdom ;
|a New York, NY :
|b Cambridge University Press,
|c 2026.
|
| 264 |
|
4 |
|c ©2026
|
| 300 |
|
|
|a xiv, 358 pages :
|b illustrations, maps ;
|c 23 cm.
|
| 334 |
|
|
|a single unit
|b mono
|0 http://id.loc.gov/vocabulary/issuance/mono
|
| 336 |
|
|
|a text
|b txt
|2 rdacontent
|0 http://id.loc.gov/vocabulary/contentTypes/txt
|
| 337 |
|
|
|a unmediated
|b n
|2 rdamedia
|0 http://id.loc.gov/vocabulary/mediaTypes/n
|
| 338 |
|
|
|a volume
|b nc
|2 rdacarrier
|0 http://id.loc.gov/vocabulary/carriers/nc
|
| 353 |
|
|
|a bibliography
|b bibliography
|0 http://id.loc.gov/vocabulary/msupplcont/bibliography
|
| 353 |
|
|
|a index
|b index
|0 http://id.loc.gov/vocabulary/msupplcont/index
|
| 490 |
1 |
|
|a Cambridge concise histories
|
| 504 |
|
|
|a Includes bibliographical references and index.
|
| 520 |
|
|
|a "A political, cultural, social and economic history of the island of Ireland, from the arrival of Christianity to the present day. This accessible and engaging survey explores the major political events alongside the living and working conditions of ordinary men and women - what they traded and farmed, how they lived and loved"-- Provided by publisher.
|
| 651 |
|
0 |
|a Ireland
|x History.
|
| 651 |
|
0 |
|a Ireland
|x Social life and customs.
|
| 651 |
|
0 |
|a Ireland
|x Politics and government.
|
| 651 |
|
6 |
|a Irlande
|x Histoire.
|
| 651 |
|
6 |
|a Irlande
|x Mœurs et coutumes.
|
| 651 |
|
6 |
|a Irlande
|x Politique et gouvernement.
|
| 651 |
|
7 |
|a Ireland
|2 fast
|1 https://id.oclc.org/worldcat/entity/E39PBJqvXDFC7pX6tHkq6DX68C
|
| 758 |
|
|
|1 http://id.loc.gov/resources/instances/in00024523893
|
| 758 |
|
|
|4 http://id.loc.gov/ontologies/bibframe/instanceOf
|1 http://id.loc.gov/resources/works/in00024523893
|
| 776 |
0 |
8 |
|i Online version
|4 http://id.loc.gov/entities/relationships/onlineversion
|a Clear, Caitriona
|t Concise history of Ireland
|d New York, NY : Cambridge University Press, 2026
|z 9781009493987
|w (DLC) 2026004410
|w (OCoLC)1564132696
|
| 830 |
|
0 |
|a Cambridge concise histories.
|
| 852 |
8 |
|
|b POD
|z This title is available for the library to purchase for your use. Click the "Purchase It For Me" button to place a request. This item will take 5-10 business days to arrive.
|
| 884 |
|
|
|a DLC bibframe2marc v3.1-dev
|g 20260401
|q DLC
|u https://github.com/lcnetdev/bibframe2marc/tree/v3.1-dev
|
| 955 |
|
|
|a Print PDA title
|
| 961 |
|
|
|m 565730
|
| 999 |
f |
f |
|i 465b7c50-47b6-4650-90ae-19ec94ce80e3
|s 8bc854a9-b907-488a-9edb-e7eb43593157
|t 0
|
| 952 |
f |
f |
|a Texas A&M University
|b College Station
|c Sterling C. Evans Library
|s Evans POD
|d Purchase on Demand
|t 0
|e DA910 .C43 2026
|h Library of Congress classification
|
| 998 |
f |
f |
|a DA910 .C43 2026
|t 0
|l Purchase on Demand
|